LEADER 01381nam a2200313 i 4500 001 991000450039707536 008 040927 2003 it 0 ita 020 $a8846457080 035 $ab13223008-39ule_inst 040 $aSet. Economia$bita 082 0 $a658.83 245 03$aIl marketing della ricerca e dell'innovazione :$bsfide per le imprese e il sistema Paese nell'economia della conoscenza /$ca cura di Nicoletta Buratti, Michele Simoni ; introduzione di Riccardo Varaldo 260 $aMilano :$bAngeli,$c2003 300 $a162 p. ;$c23 cm 490 $aEconomia e politica industriale ;$v246 500 $aCon bibliografia 650 4$aInnovazione tecnologica$xMarketing 650 4$aProdotti nuovi$xMarketing 650 4$aRicerca scientifica$xMarketing 700 1 $aSimoni, Michele 700 1 $aVaraldo, Riccardo 700 1 $aBuratti, Nicoletta 907 $a.b13223008$b18-12-18$c27-09-04 912 $a991000450039707536 945 $aLE025 ECO 658.8 BUR04.01$g1$i2025000098282$lle025$nCatalogato 2018$og$pE15.00$q-$rl$s- $t0$u7$v3$w7$x0$y.i13895333$z13-10-04 945 $aLE025 ECO 658.8 BUR04.01$g2$i2025000098275$lle025$nCatalogato 2018$og$pE15.00$q-$rl$s- $t0$u1$v0$w1$x0$y.i13895345$z13-10-04 996 $aMarketing della ricerca e dell'innovazione$967175 997 $aUNISALENTO 998 $ale025$b27-09-04$cm$da $e-$fita$git $h3$i0 LEADER 02449nam 2200421 450 001 996218337103316 005 20231103231612.0 010 $a0-674-99312-8 035 $a(CKB)3820000000012368 035 $a(NjHacI)993820000000012368 035 $a(EXLCZ)993820000000012368 100 $a20231103d1934 uy 0 101 0 $aeng 135 $aur||||||||||| 181 $ctxt$2rdacontent 182 $cc$2rdamedia 183 $acr$2rdacarrier 200 00$aSelect Papyri$hVolume II, $iPublic Documents /$ftranslated by by A. S. Hunt and C. C. Edgar 210 1$aCambridge, MA :$cHarvard University Press,$d1934. 215 $a1 online resource (656 pages) 225 1 $aLoeb classical library ;$vLCL282 300 $aIncludes index. 330 $aThis volume presents papyri relating to public business of various kinds in Egypt from the middle of the 3rd century BCE to 710 CE, thus including affairs in that country first when it was ruled by the Greek Ptolemaic kings, secondly when it was a Roman province. The earliest examples date from the reign of King Ptolemy II Philadelphus and the latest from the government by the Arabs after their conquest of Egypt in 639-641 CE.The papyri chosen were all sent by persons in office (from king, Roman emperor, or governor downwards) or addressed to them or sent for their information: Codes and Regulations, 6 examples. Edicts and Orders, 26. Public Announcements, 6. Reports of Meetings, 3. Official Acts and Inquiries, 5. Judicial Business, 18. Petitions and Applications, 44. Declarations to Officials, 30. Appointments and Nominations, 7. Tenders and Contracts, 19. Receipts, 26. Orders for Payment, 6. Accounts and Registers or Lists, 12. Letters, 16. Notes on the systems of dating and of money in Egypt as well as a glossary of technical terms are provided.The three-volume Loeb Classical Library edition of Select Papyri also includes a volume of poetry and one of private documents. 410 0$aLoeb classical library ;$vLCL282. 517 $aSelect Papyri, Volume II 606 $aManuscripts, Greek (Papyri) 606 $aGreek literature$vTranslations into English 615 0$aManuscripts, Greek (Papyri) 615 0$aGreek literature 676 $a481.7 702 $aHunt$b A. S. 702 $aEdgar$b C. C. 801 0$bNjHacI 801 1$bNjHacl 906 $aBOOK 912 $a996218337103316 996 $aSelect papyri$980980 997 $aUNISA LEADER 00807nam a2200229 i 4500 001 991004332034707536 005 20240705124118.0 008 240705s2012 it af er 0010e ita 020 $a9788883349263 040 $aBibl. Dip.le Aggr. Scienze Umane e Sociali - Sez. Studi Storici 082 04$a945.072092 082 04$a920.7209031 100 1 $aPeyronel Rambaldi, Susanna$0140461 245 04$aUna gentildonna irrequieta :$bGiulia Gonzaga fra reti familiari e relazioni eterodosse /$cSusanna Peyronel Rambaldi 260 $aRoma :$bViella,$c2012 300 $a368 p., [4] c. di tav.$c21 cm 490 1 $aI libri di Viella ;$v146 504 $aBibliogr.: p. [327]-349 600 17$aGonzaga, Giulia$d<1513-1566> 912 $a991004332034707536 996 $aGentildonna irrequieta$91087102 997 $aUNISALENTO